| 000 | 00000nam##2200000za#4500 |
| 001 | 9.573963 |
| 003 | CaOODSP |
| 005 | 20210624183943 |
| 007 | cr ||||||||||| |
| 008 | 150406|2001||||xxc|||||o f|0| 0 eng|d |
| 040 | |aCaOODSP|beng |
| 043 | |an-cn--- |
| 086 | 1 |aH42-2/67-21-2000E-PDF |
| 110 | 1 |aCanada.|bHealth Canada. |bTherapeutic Products Programme. |
| 245 | 10|aDerivation and characterization of cell substrates used for production of biotechnological / biological products |h[electronic resource] |
| 260 | |aOttawa - Ontario : |bHealth Canada. |cJanuary 5, 2001, c2000. |
| 300 | |a23p.|bglossary |
| 490 | 1 |aGuidance for industry |vICH Topic Q5D |
| 500 | |aThe catalogue number (H42-2/67-21-2000E) and ISBN (0-662-29197-2) for the print edition have been incorrectly copied in this electronic publication. |
| 590 | |a12-21-Supp|b2012-05-18 |
| 690 | 07|aBiochemical products|2gcpds |
| 690 | 07|aBiotechnology|2gcpds |
| 775 | 08|tPréparation et caractérisation des substrats cellulaires utilisés pour la production de produits biologiques ou issus de la biotechnologie |w(CaOODSP)9.603929 |
| 776 | 0#|tDerivation and characterization of cell substrates used for production of biotechnological/biological products|w(CaOODSP)9.615264 |
| 830 | #0|aGuidance for industry ;|vICH Topic Q5D|w(CaOODSP)9.506921 |
| 856 | 40|ahttp://publications.gc.ca|qPDF|s66 KB|uhttps://publications.gc.ca/collections/Collection/H42-2-67-21-2000E.pdf|yICH Topic Q5D |